000 00752nam a2200265 a 4500
999 _c11512
_d11512
001 11512
003 BD-JhCC
005 20220522134023.0
008 180713s2007 enk 000 1 eng d
020 _a9781847440921 (hbk.)
020 _a1847440924 (hbk.)
020 _a9781847440914 (pbk.)
020 _a1847440916 (pbk.)
035 _a(BD-JhCC)11512
040 _aStDuBDS
_cStDuBDS
_dBD-JhCC
041 _aeng
082 0 4 _a813.54
_222
_bSPA 2007
100 1 _aSparks, Nicholas.
245 1 4 _aThe choice /
_cNicholas Sparks.
260 _aLondon :
_bSphere,
_c2007.
300 _a311 p. ;
_c18 cm.
650 0 _aVeterinarians
_zNorth Carolina
_vFiction.
650 0 _aTriangles (Interpersonal relations)
_vFiction.
942 _2ddc
_cBK
_05